| 000 | 00805nam a22002417a 4500 | ||
|---|---|---|---|
| 999 |
_c1185 _d1185 |
||
| 001 | 1185 | ||
| 003 | BD-JhCC | ||
| 005 | 20171127095737.0 | ||
| 008 | 171016s1999 bg ao||| |||| 000 0 ben d | ||
| 020 | _a9844580279 | ||
| 035 | _a(BD-JhCC)1185 | ||
| 040 |
_aBD-JhCC _dBD-JhCC |
||
| 041 | _aben | ||
| 082 |
_a954.9205 _bAMA 1999 |
||
| 245 |
_aআমার বাবা / _cসম্পাদনা আমীরুল ইসলাম ও আসলাম সানী |
||
| 260 |
_aঢাকা: _bসময় প্রকাশন, _c১৯৯৯. |
||
| 300 |
_a৮৭ পৃ. : _bill. ; _c২২ সেমি. |
||
| 650 |
_aLiberation War _zBangladesh |
||
| 700 | _aইসলাম, আমীরুল | ||
| 700 | _a সানী, আসলাম | ||
| 942 |
_2ddc _cBK |
||